[Event "LSS BI-2010-P-00032"]
[Site "LSS email"]
[Date "2010.04.19"]
[Round "?"]
[White "Kasabasic, Djordje"]
[Black "Neves, Ronaldo P"]
[Result "1-0"]
[WhiteElo "1813"]
[BlackElo "1045"]
[PlyCount "77"]
[EventDate "2010.04.22"]
[EventType "tourn (corr)"]
[EventRounds "10"]
[EventCountry "GER"]
[SourceTitle "Telechess CBM 141"]
[Source "ChessBase"]
[SourceDate "2011.03.17"]
[SourceVersion "1"]
[SourceVersionDate "2011.03.17"]
[SourceQuality "1"]

1. e4 c5 2. Nf3 d6 3. d4 cxd4 4. Nxd4 Nf6 5. Nc3 a6 6. Be3 e6 7. f3 b5 8. Qd2 Nbd7 9. g4 h6 10. 0-0-0 b4 11. Na4 Ne5 12. Qxb4 Bd7 13. Bf4 g5 14. Bd2 Be7 15. Qb3 Rb8 16. Ba5 Rxb3 17. Bxd8 Rb4 18. Bxe7 Kxe7 19. Nc3 a5 20. Be2 Rhb8 21. b3 a4 22. a3 R4b7 23. Kb2 axb3 24. cxb3 Nc6 25. b4 Nxd4 26. Rxd4 Ra7 27. Rhd1 Ne8 28. b5 Rb6 29. a4 Nc7 30. Kb3 f6 31. h4 gxh4 32. Rh1 e5 33. Rdd1 Be6+ 34. Bc4 Bxc4+ 35. Kxc4 Ke6 36. Rxh4 Ke7 37. Rxh6 Rb8 38. g5 Ne6 39. Rh7+ 1-0

[Event "LSS BI-2010-P-00032"]
[Site "LSS email"]
[Date "2010.04.19"]
[Round "?"]
[White "Molano Lafuente, Ismael"]
[Black "Neves, Ronaldo P"]
[Result "1-0"]
[WhiteElo "1320"]
[BlackElo "1098"]
[PlyCount "65"]
[EventDate "2010.04.22"]
[EventType "tourn (corr)"]
[EventRounds "10"]
[EventCountry "GER"]
[SourceTitle "Telechess CBM 141"]
[Source "ChessBase"]
[SourceDate "2011.03.17"]
[SourceVersion "1"]
[SourceVersionDate "2011.03.17"]
[SourceQuality "1"]

1. f4 d5 2. Nf3 g6 3. c3 Bg7 4. d3 Nf6 5. Qc2 c5 6. e4 dxe4 7. dxe4 Nc6 8. Be2 0-0 9. 0-0 e6 10. Rd1 Qc7 11. Na3 a6 12. Nc4 b5 13. Nd6 Ne8 14. Nxc8 Rxc8 15. Be3 Ne7 16. a4 Nd6 17. axb5 axb5 18. Ra6 Nc4 19. Bxc4 bxc4 20. Ra4 Rfe8 21. Rxc4 Qb7 22. Rxc5 Rxc5 23. Bxc5 Qc7 24. Bxe7 Rxe7 25. e5 Qb6+ 26. Qf2 Qa5 27. b4 Qa3 28. Qd2 f6 29. Qd8+ Kf7 30. exf6 Bxf6 31. Ne5+ Bxe5 32. fxe5 Qxc3 33. Rf1+ 1-0

[Event "LSS BI-2010-P-00032"]
[Site "LSS email"]
[Date "2010.04.19"]
[Round "?"]
[White "Neves, Ronaldo P"]
[Black "Chukanov, Igor Anatolievich"]
[Result "0-1"]
[WhiteElo "1105"]
[BlackElo "2160"]
[PlyCount "50"]
[EventDate "2010.04.22"]
[EventType "tourn (corr)"]
[EventRounds "10"]
[EventCountry "GER"]
[SourceTitle "Telechess CBM 141"]
[Source "ChessBase"]
[SourceDate "2011.03.17"]
[SourceVersion "1"]
[SourceVersionDate "2011.03.17"]
[SourceQuality "1"]

1. e4 c6 2. d4 d5 3. Nc3 dxe4 4. Nxe4 Bf5 5. Bd3 Qxd4 6. Nf3 Qd8 7. 0-0 Bxe4 8. Bxe4 Qxd1 9. Rxd1 Nf6 10. Bd3 Nbd7 11. Bf4 g6 12. c4 Bg7 13. b4 Nh5 14. Be3 Bxa1 15. Rxa1 0-0 16. a4 a5 17. b5 cxb5 18. cxb5 Nhf6 19. Nd2 Nd5 20. Bd4 Rfc8 21. Be4 e6 22. Nb3 Rc4 23. f3 Rac8 24. Bf2 Rc3 25. Rb1 Rxb3 0-1

[Event "LSS BI-2010-P-00032"]
[Site "LSS email"]
[Date "2010.04.19"]
[Round "?"]
[White "Neves, Ronaldo P"]
[Black "Milde, Lars"]
[Result "0-1"]
[WhiteElo "1048"]
[BlackElo "1811"]
[PlyCount "86"]
[EventDate "2010.04.22"]
[EventType "tourn (corr)"]
[EventRounds "10"]
[EventCountry "GER"]
[SourceTitle "Telechess CBM 141"]
[Source "ChessBase"]
[SourceDate "2011.03.17"]
[SourceVersion "1"]
[SourceVersionDate "2011.03.17"]
[SourceQuality "1"]

1. d4 d5 2. c4 e6 3. Nc3 Nf6 4. Bg5 Be7 5. e3 0-0 6. Nf3 h6 7. Bh4 b6 8. Bd3 Bb7 9. 0-0 dxc4 10. Bxc4 Nbd7 11. Rc1 c5 12. Qe2 a6 13. a4 cxd4 14. exd4 Re8 15. Rfe1 Nf8 16. Red1 Ng6 17. Bg3 Nd5 18. Bxd5 exd5 19. Re1 Rc8 20. Qd3 Qd7 21. Ne5 Nxe5 22. Bxe5 Bb4 23. h3 Re6 24. Bf4 Rc4 25. Rxe6 Qxe6 26. b3 Rxc3 27. Rxc3 Qe1+ 28. Kh2 Qxc3 29. Qxc3 Bxc3 30. Be3 Kf8 31. Kg3 Ke7 32. Kf4 Ke6 33. g4 a5 34. h4 Ba6 35. g5 h5 36. f3 Be1 37. Bc1 Bxh4 38. Bd2 Bf2 39. Bc3 f5 40. b4 axb4 41. Bxb4 h4 42. Bd6 h3 43. Bc7 h2 0-1

[Event "LSS BI-2010-P-00032"]
[Site "LSS email"]
[Date "2010.04.19"]
[Round "?"]
[White "Sherwood, Russell"]
[Black "Neves, Ronaldo P"]
[Result "1-0"]
[WhiteElo "1611"]
[BlackElo "1106"]
[PlyCount "37"]
[EventDate "2010.04.22"]
[EventType "tourn (corr)"]
[EventRounds "10"]
[EventCountry "GER"]
[SourceTitle "Telechess CBM 141"]
[Source "ChessBase"]
[SourceDate "2011.03.17"]
[SourceVersion "1"]
[SourceVersionDate "2011.03.17"]
[SourceQuality "1"]

1. e4 e5 2. Nf3 Nc6 3. Bb5 a6 4. Bxc6 dxc6 5. 0-0 Qd6 6. Na3 Be6 7. b3 0-0-0 8. Nc4 Bxc4 9. bxc4 f6 10. d3 g5 11. Nd2 h5 12. Nb3 c5 13. a4 Ne7 14. Be3 b6 15. a5 Kb7 16. Qb1 Nc6 17. Nxc5+ Ka7 18. axb6+ cxb6 19. Rxa6+ 1-0

[Event "IECG CP.2009.P.00018 email"]
[Site "IECG email"]
[Date "2009.10.01"]
[Round "?"]
[White "De Booy, Marco"]
[Black "Neves, Ronaldo P"]
[Result "1-0"]
[WhiteElo "1042"]
[BlackElo "1400"]
[PlyCount "53"]
[EventDate "2009.10.01"]
[EventType "tourn (corr)"]
[EventRounds "6"]
[EventCountry "ARG"]
[SourceTitle "Corr 2024"]
[Source "ChessBase"]
[SourceDate "2023.10.19"]
[SourceVersion "1"]
[SourceVersionDate "2023.10.19"]
[SourceQuality "1"]

1. e4 c5 2. Nf3 d6 3. d4 cxd4 4. Nxd4 Nf6 5. Nc3 a6 6. Bc4 e6 7. Bg5 Be7 8. Qf3 Nbd7 9. 0-0-0 Nb6 10. Bb3 Qc7 11. h4 h6 12. Be3 Nc4 13. Rdg1 Nxe3 14. Qxe3 h5 15. f3 b5 16. g4 Bb7 17. g5 Nxe4 18. Nxe4 g6 19. Re1 e5 20. Ne2 a5 21. N2c3 a4 22. Bd5 Bxd5 23. Nxd5 Qc4 24. Ndf6+ Bxf6 25. Nxf6+ Kf8 26. Nd7+ Kg7 27. Nb6 1-0

[Event "IECG CP.2009.P.00018 email"]
[Site "IECG email"]
[Date "2009.10.01"]
[Round "?"]
[White "Neves, Ronaldo P"]
[Black "Roberts, Earl"]
[Result "0-1"]
[WhiteElo "1400"]
[BlackElo "1862"]
[PlyCount "30"]
[EventDate "2009.10.01"]
[EventType "tourn (corr)"]
[EventRounds "6"]
[EventCountry "ARG"]
[SourceTitle "Corr 2024"]
[Source "ChessBase"]
[SourceDate "2023.10.19"]
[SourceVersion "1"]
[SourceVersionDate "2023.10.19"]
[SourceQuality "1"]

1. e4 e5 2. Nf3 Nc6 3. Bb5 Bb4 4. 0-0 Nge7 5. c3 Ba5 6. d4 exd4 7. Nxd4 0-0 8. Bg5 f6 9. Be3 Nxd4 10. Bxd4 c6 11. Ba4 d5 12. Nd2 Bc7 13. Nf3 dxe4 14. Bb3+ Nd5 15. Nh4 g5 0-1